Service desk for autonomous vehicles
Saved in:
| Main Author: | |
|---|---|
| Other Authors: | |
| Format: | Manuscript Book |
| Language: | Slovak English |
| Published: |
2025
|
| Subjects: | |
| Online Access: | http://is.stuba.sk/zp/portal_zp.pl?podrobnosti=178850 |
| Tags: |
No Tags, Be the first to tag this record!
|
MARC
| LEADER | 00000ntm a22000003a 4500 | ||
|---|---|---|---|
| 001 | stuzp102919 | ||
| 003 | SK-STU | ||
| 005 | 20250614211812.5 | ||
| 007 | ta | ||
| 008 | 150427s2015----xo-----f-mn---000-0-slo-d | ||
| 040 | |a STU |b slo | ||
| 041 | 0 | |a eng | |
| 100 | 1 | |a Lytvynova, Mariia |u 070400 |4 aut |U FIIT Fakulta informatiky a informačných technológií |T FIIT Ústav počítačového inžinierstva a aplikovanej informatiky |X 122766 |U I400 |Y 672 |7 122766 | |
| 242 | 0 | 1 | |a Service desk for autonomous vehicles |y slo |
| 245 | 1 | 0 | |a Service desk for autonomous vehicles |
| 260 | |c 2025 | ||
| 650 | 4 | |a Service desk |2 eng | |
| 650 | 4 | |a Autonomous vehicles |2 eng | |
| 650 | 4 | |a Problem management |2 eng | |
| 650 | 4 | |a Manažment problémov |2 slo | |
| 650 | 4 | |a Autonómne autá |2 slo | |
| 650 | 4 | |a Podporné pracovisko |2 slo | |
| 700 | 1 | |a Bindas, Bystrík |u 070400 |k Z2 |4 ths |U FIIT Fakulta informatiky a informačných technológií |T FIIT Ústav počítačového inžinierstva a aplikovanej informatiky |X 99233 |U I400 |Y 672 |7 99233 | |
| 856 | 4 | |u http://is.stuba.sk/zp/portal_zp.pl?podrobnosti=178850 | |